Strength of materials (Record no. 4143)

000 -LEADER
fixed length control field 00602nam a2200229 4500
001 - CONTROL NUMBER
control field 4143
003 - CONTROL NUMBER IDENTIFIER
control field BD-DhUET
008 - FIXED-LENGTH DATA ELEMENTS--GENERAL INFORMATION
fixed length control field 0
020 ## - INTERNATIONAL STANDARD BOOK NUMBER
International Standard Book Number 0070702977
040 ## - CATALOGING SOURCE
Transcribing agency 0
Modifying agency BD-DhUET
082 ## - DEWEY DECIMAL CLASSIFICATION NUMBER
Classification number 620.112
Item number WIL/1981
100 ## - MAIN ENTRY--PERSONAL NAME
Personal name Willems, Nicholas
245 ## - TITLE STATEMENT
Title Strength of materials
Statement of responsibility, etc. by Nicholas Willems, John T. Easley and Stanley T. Rolfe
250 ## - EDITION STATEMENT
Edition statement 1st ed.
260 ## - PUBLICATION, DISTRIBUTION, ETC. (IMPRINT)
Place of publication, distribution, etc. New York
Name of publisher, distributor, etc. McGraw-Hill
Date of publication, distribution, etc. 1981
300 ## - PHYSICAL DESCRIPTION
Extent xviii, 508 p.
Other physical details ill.
Dimensions 12 cm.
504 ## - BIBLIOGRAPHY, ETC. NOTE
Bibliography, etc Includes bibliographies
650 #0 - SUBJECT ADDED ENTRY--TOPICAL TERM
Topical term or geographic name as entry element Strength of materials
700 ## - ADDED ENTRY--PERSONAL NAME
Personal name Easley, John T.
700 ## - ADDED ENTRY--PERSONAL NAME
Personal name Rolfe, Stanley T.
942 ## - ADDED ENTRY ELEMENTS (KOHA)
Koha item type General Book
Holdings
Sublocation or collection (holding branch) Source of classification or shelving scheme Copy number Price effective from Koha normalized classification for sorting Koha out on loan Withdrawn status Lost status Not for loan Koha item type Date acquired Koha date last seen Koha issues (times borrowed) Piece designation (barcode) Koha date last borrowed Damaged status Shelving location Koha full call number Location (home branch)
Central Library, BUET 12014-11-12620_112000000000000_WIL_1981    General Book2014-11-122018-12-181798492018-11-06 Circulation section620.112/WIL/1981Central Library, BUET
Central Library, BUET 22014-11-12620_112000000000000_WIL_1981    General Book2014-11-122019-04-241798502018-12-22 Circulation section620.112/WIL/1981Central Library, BUET
Central Library, BUET 32014-11-12620_000000000000000_112WIL1981    General Book2014-11-122014-11-12 79853  Circulation section620.112/WIL/1981Central Library, BUET
Central Library, BUET 42014-11-12620_000000000000000_112WIL1981    General Book2014-11-122014-11-12 81408  Circulation section620.112/WIL/1981Central Library, BUET
Central Library, BUET 52014-11-12620_000000000000000_112WIL1981    General Book2014-11-122021-12-072798522021-11-29 Circulation section620.112/WIL/1981Central Library, BUET
Central Library, BUET 62014-11-12620_000000000000000_112WIL19812025-12-22   General Book2014-11-122025-12-081795802025-12-08 Circulation section620.112/WIL/1981Central Library, BUET
Central Library, BUET 72014-11-12620_000000000000000_112WIL1981    General Book2014-11-122014-11-12 81410  Circulation section620.112/WIL/1981Central Library, BUET
Central Library, BUET 82014-11-12620_000000000000000_112WIL1981    General Book2014-11-122023-07-181798512023-07-08 Circulation section620.112/WIL/1981Central Library, BUET
Central Library, BUET 92014-11-12620_112000000000000_WIL_1981    General Book2014-11-122014-11-12 81409  Circulation section620.112/WIL/1981Central Library, BUET
Central Library, BUET 102015-02-04620_112000000000000_WIL_1981    General Book2015-02-042015-02-04 79581   Circulation section620.112/WIL/1981Central Library, BUET